Bodies of Water around India on a Map - Statistics

General Stats
  • This quiz has been taken 73 times
  • The average score is 4 of 8
Answers on the Map
Answers color-coded by a green-red scale on the quiz's map according to % correct below.
 
Answer Stats
Bodies of Water % Correct
Bay of {Bengal}
99%
{Indian} Ocean
94%
{Arabian} Sea
85%
{Andaman} Sea
68%
{Laccadive} Sea
59%
Gulf of {Kutch}
15%
Gulf of {Mannar}
10%
Gulf of {Khambhat}
4%
No matching quizzes found
Score Distribution
Percent of People with Each Score
Percentile by Number Answered
Your Score History
You have not taken this quiz